| 000 | 00623nam a2200169 i 4500 | ||
|---|---|---|---|
| 001 | 151602 | ||
| 003 | ES-MaACL | ||
| 005 | 20230906204302.0 | ||
| 008 | 160614s1883 sp |||| | spa d | ||
| 110 | 2 |
_aPrisión Celular de Madrid. _9134763 |
|
| 245 | 1 | 0 | _aReglamento provisional para la Prisión Celular de Madrid. |
| 260 |
_aMadrid : _b[s.n.], _c1883 ( _fImp. Nacional) |
||
| 300 |
_a85 p. ; _c20 cm. |
||
| 610 | 2 | 4 |
_aPrisión Celular de Madrid. _9134763 |
| 650 | 4 |
_aEstablecimientos penitenciarios- _zMadrid. _9143330 |
|
| 852 |
_aES-MaACL _jT-422-F-5 _z- Enc. hol. _q- Falto de cub. original _z- Enc. en un vol. facticio |
||
| 999 |
_c151602 _d151602 |
||